Countries Containing The Letter: G - Statistics

General Stats
  • This quiz has been taken 7 times
  • The average score is 41 of 45
Answer Stats
Answer % Correct
Afghanistan
100%
Algeria
100%
Angola
100%
Argentina
100%
Bulgaria
100%
Democratic Republic of the Congo
100%
Equatorial Guinea
100%
Gabon
100%
Gambia
100%
Germany
100%
Guatemala
100%
Guinea
100%
Guinea-Bissau
100%
Guyana
100%
Luxembourg
100%
Madagascar
100%
Montenegro
100%
Niger
100%
Nigeria
100%
Paraguay
100%
Republic of the Congo
100%
Saint Vincent and the Grenadines
100%
Uruguay
100%
Antigua and Barbuda
83%
Belgium
83%
Bosnia and Herzegovina
83%
Egypt
83%
Georgia
83%
Ghana
83%
Greece
83%
Grenada
83%
Hungary
83%
Kyrgyzstan
83%
Mongolia
83%
Papua New Guinea
83%
Senegal
83%
Singapore
83%
Togo
83%
Tonga
83%
Trinidad and Tobago
83%
Uganda
83%
United Kingdom
83%
Bangladesh
67%
Nicaragua
67%
Portugal
67%
No matching quizzes found
Score Distribution
Percent of People with Each Score
Percentile by Number Answered
Your Score History
You have not taken this quiz